00756nam a2200181 a 450000100100000000500170001000800410002704000250006808200160009310000290010924500420013826000360018030000210021604900090023795201140024695201970036099900170055700002765120200930031006.0110404s1990 dr 000 0 spa d aDO-SdBNPbspacBNPHU axxxxbA473l1 aAlvarez, Virginia95474010aLatitud del amor /cVirginia Alvarez. aSanto Domingo :b[s.n.],c1990. a110 p. ;c21 cm. aBNPD 0010718PDaPDbPDcHDd2011-04-04iLF1l0oxxxx A473lp27651-10r2020-06-25w2020-06-25yLFPDZNo se presta 0010718PDaPDbPDcHDd2015-07-07iLF1l0oxxxx A473lp27651-20r2020-06-25te. 2w2020-06-25yLFPDzPerteneció a la bibliteca personal de Chiqui Vicioso / Fidelio Despradel.ZNo se presta c27143d27143